Rolling mill practice (Record no. 548595)
[ view plain ]
| 000 -LEADER | |
|---|---|
| fixed length control field | 00443cam a2200145u 4500 |
| 082 ## - DEWEY DECIMAL CLASSIFICATION NUMBER | |
| Classification number | 671.32 |
| Author Mark | PFK |
| -- | L-18, P-01 |
| 100 1# - MAIN ENTRY--PERSONAL NAME | |
| Personal name | Polukhin, Petr Ivanovich, |
| 9 (RLIN) | 44951 |
| 245 10 - TITLE STATEMENT | |
| Title | Rolling mill practice |
| Statement of responsibility, etc. | Polukhin, Petr Ivanovich, |
| 260 ## - PUBLICATION, DISTRIBUTION, ETC. | |
| Place of publication, distribution, etc. | Moscow, |
| Name of publisher, distributor, etc. | Peace Publishers, |
| Date of publication, distribution, etc. | [1963] |
| 300 ## - PHYSICAL DESCRIPTION | |
| Extent | 510 p. |
| Other physical details | illus. |
| Dimensions | 27 cm. |
| 526 ## - STUDY PROGRAM INFORMATION NOTE | |
| Program name | 0 |
| Interest level | 0 |
| Reading level | 0 |
| Title point value | 671_320000000000000_PFK |
| 650 #0 - SUBJECT ADDED ENTRY--TOPICAL TERM | |
| Topical term or geographic name entry element | MCE |
| 9 (RLIN) | 379 |
| 650 #0 - SUBJECT ADDED ENTRY--TOPICAL TERM | |
| Topical term or geographic name entry element | Rolling (Metal-work) |
| 9 (RLIN) | 44952 |
| 942 ## - ADDED ENTRY ELEMENTS (KOHA) | |
| Source of classification or shelving scheme | |
| Koha item type | Book |
| Withdrawn status | Lost status | Source of classification or shelving scheme | Damaged status | Not for loan | Permanent Location | Current Location | Date acquired | Total Checkouts | Full call number | Barcode | Date last seen | Price effective from | Koha item type |
|---|---|---|---|---|---|---|---|---|---|---|---|---|---|
| Military College of Engineering (MCE) | Military College of Engineering (MCE) | 09/03/2014 | 671.32 PFK | MCE-2465 | 09/03/2014 | 03/14/2021 | Book |
